| 000 | 00550nam a2200205Ia 4500 | ||
|---|---|---|---|
| 008 | 180620s9999 xx 000 0 und d | ||
| 020 | _a0-9632355-0-8 | ||
| 050 | _aREF HV 7431 | ||
| 050 | _b.E28 1991 | ||
| 100 | _aEaves, Richard W. | ||
| 245 | 0 | _aDon't be the next victim : | |
| 245 | 0 | _b50 ways to protect yourself against crime / | |
| 245 | 0 | _cRichard W. Eaves and Steven E. Watson. | |
| 260 | _a[s.l.] : | ||
| 260 | _bGuardian Press., | ||
| 260 | _c1991 | ||
| 300 | _a118 pages : | ||
| 300 | _c17 cm. | ||
| 650 | _aCrime prevention. | ||
| 999 |
_c358013 _d358013 |
||